La lengua materna en la escuela secundaria /
Guardado en:
| Autor Principal: | |
|---|---|
| Formato: | Libro |
| Publicado: |
Buenos Aires :
Eudeba,
1962
|
| Materias: | |
| Etiquetas: |
Agregar Etiqueta
Sin Etiquetas, Sea el primero en etiquetar este registro!
|
| LEADER | 00524nam a22001815a 4500 | ||
|---|---|---|---|
| 001 | CEM.cems005747 | ||
| 005 | 20060214000000.0 | ||
| 008 | 130507s1962##################000#0#####d | ||
| 003 | CEMS | ||
| 082 | 0 | 4 | |a 460.07 |
| 100 | 1 | |a Sánchez Garrido, Amelia | |
| 245 | 1 | 0 | |a La lengua materna en la escuela secundaria / |
| 260 | |a Buenos Aires : |b Eudeba, |c 1962 | ||
| 300 | |a 59 p. | ||
| 653 | |a Gramática-enseñanza | ||
| 653 | |a Linguistica | ||
| 653 | |a Literatura-enseñanza | ||
| 859 | |a CEMS |b BIB. CEMS - 11 de abril |h 460.07 |i Sa55 |p 5283.76 |t Ej.1 | ||
